Quiz sur l'Union soviétique - Choix multiple - Statistiques

Statistiques générales
  • Ce quiz a été pris 174 fois
  • Le résultat moyen est 16 sur 20
Statistiques - réponses
Question Réponse % Correct
Quel était le nom des camps de travaux forcés (ou plus précisément de l'agence gouvernementale qui en était responsable) en Union soviétique? Goulag
100%
Qui était le premier dirigeant soviétique ? Vladimir Lénine
100%
L'Union soviétique était en guerre de décembre 1979 à février 1989 avec ...? Afghanistan
92%
Qui était le dirigeant soviétique qui a servi le plus longtemps? Joseph Staline
92%
Comment s'appelaient les fermes collectives en Union soviétique? Kolkhoze
92%
Quelle était la capitale de l'Union soviétique? Moscou
92%
Dans quel pays moderne se trouve Tchernobyl , le site de la catastrophe / accident de la centrale nucléaire de 1986? Ukraine
92%
Qui était le premier homme dans l'espace ? Youri Gagarine
92%
Quand l'Union soviétique s'est-elle finalement dissoute ? 1991
85%
Comment l'Union soviétique appellerait-elle ses voyageurs spatiaux soviétiques ? Cosmonaute
85%
Comment s'appelait la police secrète de l'Union soviétique? KGB
85%
Quelle était la monnaie de l'Union soviétique? Rouble soviétique
85%
Quel était le nom de Saint-Pétersbourg pendant la majeure partie de l'Union soviétique? Leningrad
77%
Quelle est la chose la plus célèbre exposée dans ce mausolée? Son corps préservé
77%
Dont le mausolée sur la Place Rouge? Vladimir Lénine's
77%
L'Union soviétique a accueilli les Jeux olympiques d'été en ....? 1980
69%
Quel était l'hymne national de l'Union soviétique? « L'Internationale »
69%
Qui était le dernier dirigeant soviétique ? Mikhaïl Gorbatchev
69%
Combien de temps a duré le plus ancien dirigeant soviétique au pouvoir? 29 ans
62%
Comment s'appelait sa capsule ? Vostok 1
31%
Aucun quiz correspondant
Distribution des résultats
% des personnes avec chaque résultat
Percentile par nombre de réponses
Votre historique - résultats
Vous n’avez pas pris ce quiz